000 00658cam a2200229 a 4500
001 67953
003 BD-RjUL
005 20211209081721.0
008 170329m19671922enk 000 0 eng d
035 _a(BD-RjUL)68162
035 _a(OCoLC)1315799
040 _aDLC
_cOKentU
_dBD-RjUL
_beng
041 _aeng
082 _223
_a615.8512
_bCOS 1967
100 1 _aCoué, Emile.
_d1857-1926.
_9201428
245 1 0 _aSelf mastery through conscious autosuggestion /
_cEmile Coué.
260 _aLondon :
_bGeorge Allen & Unwin,
_c1967.
300 _a92 p. [4] :
_c19 cm.
650 0 _aMental suggestion.
_9201429
942 _2ddc
_cBK
999 _c67953
_d67953